The noble scholar, jurist, historian


 His Excellency Dr. Abdul Wahhab bin Ibrahim Abu Sulaiman, may Allah have mercy on him.


 He was born in Umm Al-Qura in the year 1356 AH.

برنامج الكفاءة الشخصية : (Record no. 1288)

MARC details
000 -LEADER
fixed length control field 01372cam a2200301 i 4500
003 - CONTROL NUMBER IDENTIFIER
control field SA-RiAUC
005 - DATE AND TIME OF LATEST TRANSACTION
control field 20241014073010.0
008 - FIXED-LENGTH DATA ELEMENTS--GENERAL INFORMATION
fixed length control field 241013q19001999xx g 000 0 ara c
040 ## - CATALOGING SOURCE
Original cataloging agency SA-JeALM
Language of cataloging ara
Transcribing agency SA-RiAUC
Description conventions rda
041 1# - LANGUAGE CODE
Language code of text/sound track or separate title ara
Language code of original und
082 04 - DEWEY DECIMAL CLASSIFICATION NUMBER
Classification number 658.5
Assigning agency SA-RiAUC
090 ## - LOCALLY ASSIGNED LC-TYPE CALL NUMBER (OCLC); LOCAL CALL NUMBER (RLIN)
Classification number (OCLC) (R) ; Classification number, CALL (RLIN) (NR) 658.5
Local cutter number (OCLC) ; Book number/undivided call number, CALL (RLIN) ج ل ا
100 0# - MAIN ENTRY--PERSONAL NAME
Personal name جلايسون، كيري.
Relator term مؤلف.
245 10 - TITLE STATEMENT
Title برنامج الكفاءة الشخصية :
Remainder of title كيف تعمل أكثر في وقت أقل /
Statement of responsibility, etc. المؤلف كيري جلايسون ؛ ترجمة نواف ضامن ؛ أشرف على الترجمة وراجعها د. إبراهيم بن حمد القعيد.
264 #1 - PRODUCTION, PUBLICATION, DISTRIBUTION, MANUFACTURE, AND COPYRIGHT NOTICE
Place of production, publication, distribution, manufacture الرياض :
Name of producer, publisher, distributor, manufacturer دار المعرفة للتنمية البشرية،
Date of production, publication, distribution, manufacture, or copyright notice 2003
300 ## - PHYSICAL DESCRIPTION
Extent 55 صفحة ؛
Dimensions 24 سم
336 ## - CONTENT TYPE
Content type term نص
Content type code txt
Source rdacontent
Materials specified كتاب
337 ## - MEDIA TYPE
Media type term بدون وسيط
Media type code n
Source rdamedia
338 ## - CARRIER TYPE
Carrier type term مجلد
Carrier type code nc
Source rdacarrier
650 #7 - SUBJECT ADDED ENTRY--TOPICAL TERM
Topical term or geographic name entry element إدارة الوقت
Source of heading or term aucsh
700 1# - ADDED ENTRY--PERSONAL NAME
Personal name الضامن، نواف
Relator term مترجم.
700 1# - ADDED ENTRY--PERSONAL NAME
Personal name القعيد، إبراهيم بن حمد،
Dates associated with a name 1373 هجري-
Relator term مشرف.
700 12 - ADDED ENTRY--PERSONAL NAME
Relationship information مختصر لـ (عمل) :
Personal name جليسون، كيري،
Dates associated with a name 1948-
856 ## - ELECTRONIC LOCATION AND ACCESS
Uniform Resource Identifier <a href="http://saaid.net/book/open.php?cat=98&book=4568">http://saaid.net/book/open.php?cat=98&book=4568</a>
Link text External Link
856 ## - ELECTRONIC LOCATION AND ACCESS
Uniform Resource Identifier <a href="http://saaid.net/book/10/3275.doc">http://saaid.net/book/10/3275.doc</a>
Link text Digital Copy
942 ## - ADDED ENTRY ELEMENTS (KOHA)
Source of classification or shelving scheme Dewey Decimal Classification
Koha item type Books
Suppress in OPAC No
949 ## - LOCAL PROCESSING INFORMATION (OCLC)
a SA-JeALM
d 241013
u mohamedma123
n 1
Holdings
Withdrawn status Lost status Source of classification or shelving scheme Damaged status Not for loan Home library Current library Date acquired Total checkouts Full call number Barcode Date last seen Price effective from Koha item type
    Dewey Decimal Classification     DR AbdElwahab Library DR AbdElwahab Library 10/14/2024   658.5 ج ل ا 000001815 10/14/2024 10/14/2024 Books